Instructor's Resource Manual for Management Concepts, Practices, and Skills

Gespeichert in:
Bibliographische Detailangaben
1. Verfasser: Mondy, R. Wayne
Weitere Verfasser: Premeaux, Shane R.
Format: Buch
Sprache:Englisch
Veröffentlicht: Boston Allyn and Bacon 1993
Ausgabe:6. ed.
Schlagworte:
Tags: Tag hinzufügen
Keine Tags, Fügen Sie das erste Tag hinzu!

MARC

LEADER 00000nam a2200000 4500
001 c012437
005 20221214084011.5
020 |a 0-205-14239-7 
041 0 |a eng 
044 |a US 
245 1 0 |a Instructor's Resource Manual for Management  |b Concepts, Practices, and Skills  |c R. Wayne Mondy, Shane R. Premeaux 
250 |a 6. ed. 
264 1 |a Boston  |b Allyn and Bacon  |c 1993 
300 |a 232 s. 
610 2 0 |a manažment 
610 2 0 |a procesy rozhodovacie 
610 2 0 |a plánovanie strategické 
610 2 0 |a kontrola 
610 2 0 |a riadenie operatívne 
100 1 |a Mondy, R. Wayne 
700 1 |a Premeaux, Shane R.